Statistics for How well do you know me - the bog

Click here to take the quiz!

General Stats

  • This quiz has been taken 8 times
    (4 since last reset)
  • The average score is 23 of 27

Answer Stats

HintAnswer% Correct
how many countries have i been to?11
100%
league champ that looks like meezreal
100%
spell my name correctlyCharlie Taaffe-Fuller
100%
how many freckles do i have?4230
100%
gay?yes
100%
second favourite drinkcoke
100%
favourite drinkchocolate milk
100%
small dog namelenny
100%
favourite twitch streamerm0xy
100%
how many stitches on leg6
100%
league champ that i am attracted toyuumi
100%
least favourite league champcamille
100%
big dog namekipper
100%
second favourite movieweathering with you
100%
birthday?12/08/2005
100%
favourite league champyasuo
100%
favourite video game all timeterraria
75%
favourite tv showstranger things
75%
third favourite drinktea
75%
favourite moviekiller bean
75%
second favourite twitch streamergamer girl
75%
favourite female actorscarlett johansson
75%
third fav videogameborderlands
50%
favourite male actorSamuel L Jackson
50%
favourite league itemstatikk shiv
50%
third favourite moviedjango: unchained
50%
second favourite video gamehalo 3
25%

Score Distribution

Percentile by Number Answered

Percent of People with Each Score

Your Score History

You have not taken this quiz since the last reset